Industial Japan : Japan's auto industry booms
Gardado en:
| Formato: | Libro |
|---|---|
| Idioma: | Undetermined |
| Publicado: |
Tokyo
1968
|
| Những chủ đề: | |
| Các nhãn: |
Engadir etiqueta
Sen Etiquetas, Sexa o primeiro en etiquetar este rexistro!
|
| Thư viện lưu trữ: | Trung tâm Học liệu Trường Đại học Cần Thơ |
|---|
| LEADER | 00481nam a2200169Ia 4500 | ||
|---|---|---|---|
| 001 | CTU_98996 | ||
| 008 | 210402s9999 xx 000 0 und d | ||
| 082 | |a 338.76292 | ||
| 082 | |b I.42/No.10 | ||
| 245 | 0 | |a Industial Japan : | |
| 245 | 0 | |b Japan's auto industry booms | |
| 260 | |a Tokyo | ||
| 260 | |c 1968 | ||
| 650 | |a Automobile supplies industry,Automobile supplies industry | ||
| 650 | |z Japan,Japan | ||
| 904 | |i Truc | ||
| 980 | |a Trung tâm Học liệu Trường Đại học Cần Thơ | ||